Ministres du Gouvernement français - Statistiques

Statistiques générales
  • Ce quiz a été pris 409 fois
    347 depuis la dernière actualisation
  • Le résultat moyen est 11 sur 36
Statistiques - réponses
Ministère Ministre % Correct
Premier Ministre Gabriel Attal
100%
Ministre de l'Économie, des Finances et de la Souveraineté industrielle et numérique Bruno Le Maire
85%
Ministre de l'Intérieur et des Outre-mer Gérald Darmanin
82%
Ministre de la Culture Rachida Dati
78%
Ministre de la Justice, Garde des Sceaux Éric Dupond-Moretti
64%
Ministre de l'Éducation nationale Nicole Belloubet
60%
Ministre des Armées Sébastien Lecornu
60%
Ministre de l'Europe et des Affaires étrangères Stéphane Séjourné
59%
Ministre du Travail, de la Santé et des Solidarités Catherine Vautrin
57%
Ministre de l’Agriculture et de la Souveraineté alimentaire Marc Fesneau
49%
Ministre de la Transition écologique et de la Cohésion des territoires Christophe Béchu
47%
Ministre des Sports et des Jeux olympiques et paralympiques Amélie Oudéa-Castéra
37%
Ministre délégué(e) chargé(e) du Renouveau démocratique, porte-parole du Gouvernement Prisca Thevenot
36%
Ministre de l’Enseignement supérieur et de la Recherche Sylvie Retailleau
36%
Ministre délégué(e) chargé(e) de l'Egalité entre les femmes et les hommes et de la lutte contre les Discriminations Aurore Bergé
33%
Ministre délégué(e) chargé(e) des Relations avec le Parlement Marie Lebec
18%
Ministre délégué(e) chargé(e) de l'Industrie et de l'Énergie Roland Lescure
18%
Ministre délégué(e) chargé(e) des Comptes publics Thomas Cazenave
18%
Ministre délégué(e) chargé(e) des Entreprises, du Tourisme et de la Consommation Olivia Grégoire
17%
Ministre délégué(e) sans portefeuille Agnès Pannier-Runacher
16%
Ministre délégué(e) chargé(e) des Collectivités territoriales et de la Ruralité Dominique Faure
15%
Secrétaire d'État chargé(e) de la Mer et de la Biodiversité Hervé Berville
15%
Ministre de la Transformation et de la Fonction publiques Stanislas Guerini
14%
Ministre délégué(e) chargé(e) du Logement Guillaume Kasbarian
12%
Ministre délégué(e) chargé(e) de la Santé et de la Prévention Frédéric Valletoux
11%
Ministre délégué(e) chargé(e) des Outre-mer Marie Guévenoux
11%
Ministre délégué(e) chargé(e) de l'Enfance, de la Jeunesse et des Familles Sarah El Haïry
11%
Ministre délégué(e) chargé(e) du Commerce extérieur, de l'Attractivité, de la Francophonie et des Français de l'étranger Franck Riester
10%
Ministre délégué(e) chargé(e) de l'Europe Jean-Noël Barrot
10%
Ministre délégué(e) chargé(e) des Transports Patrice Vergriete
10%
Secrétaire d'État chargé(e) des Anciens combattants et de la Mémoire Patricia Mirallès
8%
Secrétaire d'État chargé(e) de la Citoyenneté Sabrina Agresti-Roubache
8%
Secrétaire d'État chargé(e) du numérique Marina Ferrari
7%
Secrétaire d'État chargé(e) de la Ville Sabrina Agresti-Roubache
7%
Secrétaire d'État chargé(e) du Développement et des Partenariats internationaux Chrysoula Zacharopoulou
5%
Ministre délégué(e) chargé(e) des Personnes âgées et des Personnes handicapées Fadila Khattabi
5%
Aucun quiz correspondant
Distribution des résultats
% des personnes avec chaque résultat
Percentile par nombre de réponses
Votre historique - résultats
Vous n’avez pas pris ce quiz depuis la dernière actualisation